00911 a2200169 45000010006000000050017000060080041000230030015000640400040000790800045001192450025001642500011001892640034002003000019002345050468002531000020007213361620260407155627.0260407a1966 arg spa dAR-UNSa-BCEJYS aAR-UNSa-BCEJYSbspacAR-UNSa-BCEJYS a368.022xContratos de seguros en general10aContratos de seguros a2a. ed 1aBuenos Aires :bDepalmac1966 a596 p.c22 cm. a1. Concepto, naturaleza, definición, clasificación y elementos del contrato de seguro - 2. La empresa de seguros, control del estado intermediarios - 3. Celebración del contrato de seguro, reticencia - 4. Obligaciones y cargas del asegurado - 5. Obligaciones del asegurador - 6. El beneficio en el seguro de personas - 7. Interés asegurable - 8. Siniestro - 9. Cesión, prenda, embargo - 10. Recesión, cesión de cartera, quiebra - 11. Prescripción.1 aHalperin, Isaac